000 00289nam a22001337a 4500
003 SGT
082 _a370
_bM03G
100 _aGNANAM, AS. A
245 _aMAKING THE MOST ACCREDITATION
260 _aNEW DELHI
_bCONCEPT PUB
_c2003
300 _a300
650 _aEDUCATION
942 _2ddc
_cBK
999 _c12397
_d12397